Aroko létí opón ifá
Сохранить в:
| Главный автор: | |
|---|---|
| Формат: | |
| Язык: | английский |
| Опубликовано: |
Amat Publishers
1998
|
| Метки: |
Добавить метку
Нет меток, Требуется 1-ая метка записи!
|
MARC
| LEADER | 00000nam a22000007a 4500 | ||
|---|---|---|---|
| 008 | 210506b ||||| |||| 00| 0 eng d | ||
| 020 | |a 978-34845-3-1 | ||
| 100 | |a ILÉSANMI, Mákanjúolá | ||
| 245 | |a Aroko létí opón ifá |c Mákanjúolá Ilesanmi |g . iii, 52p | ||
| 260 | |b Amat Publishers |c 1998 |h Ile-Ife, Nigeria: |i 689332 |i 689338 |l PL8821 .Il3 |m Yoruba language – Texts | ||
| 942 | |a lcc |c BK |e Adekanye, I. H. |f 06/05/2021 | ||
| 952 | |0 0 |1 0 |2 lcc |4 0 |6 PL8821 I L3 |7 0 |9 2406 |a HOL |b AC |c LP |d 2021-05-06 |l 0 |o PL8821 .Il3 |p 2021-6257 |r 2021-05-06 00:00:00 |w 2021-05-06 |y BK | ||
| 952 | |0 0 |1 0 |2 lcc |4 0 |6 PL8821 I L3 |7 0 |9 2407 |a HOL |b HOL |c LP |d 2021-05-06 |l 0 |o PL8821 .Il3 |p 2021-6258 |r 2021-05-06 00:00:00 |w 2021-05-06 |y BK | ||
| 999 | |c 1250 |d 1250 | ||